Movies Quiz

Random Movies or Comic Books Quiz

Graphic Novelized Movies II Quiz Stats

Quiz Updated Mar 18, 2018

Challenge
Share
Tweet
Score 0/15 Timer 06:00
11 Plays Today
% Correct
The Matrix
98.8%
The Shining
97%
Jaws
93.5%
The Lord of the Rings: The Fellowship of the Ring
93.5%
Alien
92.2%
Psycho
87.9%
Lawrence of Arabia
86.6%
Goldfinger
75.2%
% Correct
Clerks
71.2%
There Will Be Blood
67.4%
Ben-Hur
63.2%
Whiplash
59.9%
Dog Day Afternoon
51.1%
Chinatown
48.8%
The French Connection
42.5%

You're not logged in!

Compare scores with friends on all Sporcle quizzes.
Sign Up with Email
OR
Log In

You Might Also Like...

Show Comments

Extras

Top Quizzes Today


Score Distribution

Your Account Isn't Verified!

In order to create a playlist on Sporcle, you need to verify the email address you used during registration. Go to your Sporcle Settings to finish the process.

Report this User

Report this user for behavior that violates our Community Guidelines.

Details: